|
|
|
|
| LEADER |
00000cam a22000004a 4500 |
| 001 |
musev2_6448 |
| 003 |
MdBmJHUP |
| 005 |
20230905040744.0 |
| 006 |
m o d |
| 007 |
cr||||||||nn|n |
| 008 |
020412s2002 miu o 00 0 eng d |
| 010 |
|
|
|z 2002005413
|
| 020 |
|
|
|a 9780472023066
|
| 020 |
|
|
|z 9780472112869
|
| 020 |
|
|
|z 9780472089840
|
| 035 |
|
|
|a (OCoLC)607711180
|
| 040 |
|
|
|a MdBmJHUP
|c MdBmJHUP
|
| 043 |
|
|
|a n-us---
|
| 050 |
0 |
4 |
|a JK2271
|b .B9155 2002
|
| 082 |
0 |
|
|a 324.973
|2 21
|
| 100 |
1 |
|
|a Burden, Barry C.,
|d 1971-
|
| 245 |
1 |
0 |
|a Why Americans Split Their Tickets :
|b Campaigns, Competition, and Divided Government /
|c Barry C. Burden and David C. Kimball.
|
| 264 |
|
1 |
|a Ann Arbor :
|b The University of Michigan Press,
|c 2002.
|
| 264 |
|
3 |
|a Baltimore, Md. :
|b Project MUSE,
|c 2012
|
| 264 |
|
4 |
|c ©2002.
|
| 300 |
|
|
|a 1 online resource (216 pages):
|b ill. ;
|
| 336 |
|
|
|a text
|b txt
|2 rdacontent
|
| 337 |
|
|
|a computer
|b c
|2 rdamedia
|
| 338 |
|
|
|a online resource
|b cr
|2 rdacarrier
|
| 504 |
|
|
|a Includes bibliographical references (p. 183-198) and index.
|
| 505 |
0 |
|
|a Contemporary American politics and divided government -- Explaining divided voter behavior -- Measuring ticket splitting -- President-House ticket splitting from 1952 to 2000 -- Midterm elections and divided government -- Splitting the Senate -- Conclusion and implications.
|
| 588 |
|
|
|a Description based on print version record.
|
| 650 |
|
0 |
|a Presidents
|z United States
|x Election.
|
| 650 |
|
0 |
|a Voting
|z United States.
|
| 650 |
|
0 |
|a Party affiliation
|z United States.
|
| 650 |
|
0 |
|a Divided government
|z United States.
|
| 610 |
1 |
0 |
|a United States.
|b Congress
|x Elections.
|
| 655 |
|
7 |
|a Electronic books.
|2 local
|
| 700 |
1 |
|
|a Kimball, David C.,
|d 1966-
|
| 710 |
2 |
|
|a Project Muse.
|e distributor
|
| 830 |
|
0 |
|a Book collections on Project MUSE.
|
| 856 |
4 |
0 |
|z Texto completo
|u https://projectmuse.uam.elogim.com/book/6448/
|
| 945 |
|
|
|a Project MUSE - Custom Collection
|
| 945 |
|
|
|a Project MUSE - Archive Complete Foundation
|
| 945 |
|
|
|a Project MUSE - Archive Political Science and Policy Studies Foundation
|